[Event "9. Miedzynardowy Turniej Klubu Polonia Wroclaw<br/>Turniej Arcymistrzowski"]
[Site "Wroclaw"]
[Date "2014-07-02"]
[Round "6.5"]
[White "Sabuk, Piotr"]
[Black "Sadzikowski, Daniel"]
[Result "0-1"]
[WhiteTitle ""]
[BlackTitle "IM"]
[WhiteElo "2336"]
[BlackElo "2482"]

1. d4 Nf6 2. c4 g6 3. Nc3 Bg7 4. e4 d6 5. Nf3 O-O 6. h3 e5 7. d5 a5 8. Bg5 Na6
9. Be2 Qe8 10. Nd2 Kh8 11. g4 Ng8 12. a3 f6 13. Be3 f5 14. gxf5 gxf5 15. exf5
Bxf5 16. Bg4 Bh6 17. Bxf5 Bxe3 18. fxe3 Rxf5 19. Nde4 Qe7 20. Qe2 Qh4+ 21. Kd2
Nf6 22. Kd3 Rf8 23. Qe1 Qh6 24. Qe2 Qh4 25. Qe1 Qh6 26. Qe2 Nxe4 27. Nxe4 Rf3
28. Raf1 Qg6 29. b4 axb4 30. axb4 Nxb4+ 31. Kc3 Nxd5+ 0-1